000
00308nam a22001337a 4500
008
181012b xxu||||| |||| 00| 0 eng d
020
_a
0838523226
041
_a
eng
080
_2
2nd
_a
616.9
100
_a
8
101
_a
INF
245
_a
External Infections of the Eye
_c
Fedukowicz,H.B
942
_2
udc
_c
BK
999
_c
49474
_d
49474